书目信息 |
| 题名: |
我是你的合伙人
|
|
| 作者: | 郑蕙 著 | |
| 分册: | ||
| 出版信息: | 广州 暨南大学出版社 2017.12 |
|
| 页数: | 187页 | |
| 开本: | 24cm | |
| 丛书名: | ||
| 单 册: | ||
| 中图分类: | G626 | |
| 科图分类: | ||
| 主题词: | 小学教育--学校教育--合作--家庭教育--教育研究 | |
| 电子资源: | ||
| ISBN: | 978-7-5668-2248-2 | |
| 000 | 01086nam0 2200277 45 | |
| 001 | 012001002864 | |
| 005 | 20140824080315.0 | |
| 010 | @a978-7-5668-2248-2@dCNY38.00 | |
| 099 | @aCAL 012018011802 | |
| 100 | @a20180112d2017 em y0chiy0110 ea | |
| 101 | 0 | @achi |
| 102 | @aCN@b440000 | |
| 105 | @aa z 000yy | |
| 106 | @ar | |
| 200 | 1 | @a我是你的合伙人@Awo shi ni de he huo ren@e一个校长关于家校合作的思与行@f郑蕙著 |
| 210 | @a广州@c暨南大学出版社@d2017.12 | |
| 215 | @a187页@c图@d24cm | |
| 300 | @a其他题名:一个校长关于家校合作的思与行 | |
| 314 | @a郑蕙, 中小学高级教师, 小学校长, 广州市基础教育教育专家培养对象等。 | |
| 330 | @a本书分引领与学习、研究与推动、故事与对话、思考与分享。内容包括: 令人鼓舞的校本培训 ; 透过家长培训活动反馈表 ; 新生家长培训 ; 北大妈妈进学堂 ; 做家庭教育的引领者 ; 迎新的日子 ; 家长学校, 坚持的理由 ; 父母共亲职等。 | |
| 517 | 1 | @a一个校长关于家校合作的思与行 |
| 606 | 0 | @a小学教育@x学校教育@x合作@x家庭教育@x教育研究 |
| 690 | @aG626@v5 | |
| 701 | 0 | @a郑蕙@Azheng hui@4著 |
| 801 | @aCN@bAHXH@c20210922 | |
| 905 | @b1282751-5@dG626@e1950@f5 | |
| 我是你的合伙人:一个校长关于家校合作的思与行/郑蕙著.-广州:暨南大学出版社,2017.12 |
| 187页:图;24cm |
| 其他题名:一个校长关于家校合作的思与行 |
| ISBN 978-7-5668-2248-2:CNY38.00 |
| 本书分引领与学习、研究与推动、故事与对话、思考与分享。内容包括: 令人鼓舞的校本培训 ; 透过家长培训活动反馈表 ; 新生家长培训 ; 北大妈妈进学堂 ; 做家庭教育的引领者 ; 迎新的日子 ; 家长学校, 坚持的理由 ; 父母共亲职等。 |
| ● |
| 相关链接 |
|
|
|
|
正题名:我是你的合伙人
索取号:G626/1950
 
预约/预借
| 序号 | 登录号 | 条形码 | 馆藏地/架位号 | 状态 | 备注 |
| 1 | 1282751 | 212827510 | 第一样本阅览室/ [索取号:G626/1950] | 在馆 | |
| 2 | 1282752 | 212827529 | 教育系资料室/ [索取号:G626/1950] | 在馆 | |
| 3 | 1282753 | 212827538 | 教育系资料室/ [索取号:G626/1950] | 在馆 | |
| 4 | 1282754 | 212827547 | 第四借阅区/ [索取号:G626/1950] | 在馆 | |
| 5 | 1282755 | 212827556 | 第四借阅区/ [索取号:G626/1950] | 在馆 |